| 000 | 00345nam a22001337a 4500 | ||
|---|---|---|---|
| 008 | 180207b xxu||||| |||| 00| 0 eng d | ||
| 020 | _a0205453511 | ||
| 041 | _aeng | ||
| 080 | _a82 | ||
| 100 | _a21 | ||
| 101 | _aGJL | ||
| 245 |
_aAn introduction to rhetorical communication a western rhetorical perspective _cCroskey,J.C.M |
||
| 942 |
_2udc _cBK |
||
| 999 |
_c42023 _d42023 |
||